[Event "VII Torneo Leonardo di Bona Internazionale"]
[Site "Cutro ITA"]
[Date "2001.05.01"]
[Round "10"]
[White "Ristic, Nenad"]
[Black "Miladinovic, Igor"]
[Result "1/2-1/2"]
[WhiteElo "2425"]
[BlackElo "2519"]
[PlyCount "28"]
[EventDate "2001.04.22"]

1. c4 Nf6 2. Nc3 e6 3. d4 d5 4. Nf3 Be7 5. Bg5 O-O 6. e3 h6 7. Bh4 Ne4 8. Bxe7
Qxe7 9. Rc1 Nxc3 10. Rxc3 c6 11. Bd3 Nd7 12. O-O dxc4 13. Bxc4 b6 14. Bd3 Bb7
1/2-1/2

[Event "VII Torneo Leonardo di Bona Internazionale"]
[Site "Cutro ITA"]
[Date "2001.05.01"]
[Round "10"]
[White "Skembris, Spyridon"]
[Black "Pegorari, Pietro"]
[Result "1/2-1/2"]
[WhiteElo "2450"]
[BlackElo "2380"]
[PlyCount "43"]
[EventDate "2001.04.22"]

1. d4 Nf6 2. c4 e6 3. Nf3 b6 4. g3 Ba6 5. b3 Bb7 6. Bg2 Bb4+ 7. Bd2 Qe7 8. O-O
Bxd2 9. Qxd2 Ne4 10. Qe3 f5 11. Nc3 Nxc3 12. Qxc3 d6 13. Nh4 Bxg2 14. Nxg2 O-O
15. Rae1 d5 16. Rc1 Na6 17. Qe3 Rae8 18. a3 c5 19. cxd5 cxd4 20. Qxe6+ Qxe6 21.
dxe6 Nc5 22. b4 1/2-1/2

[Event "VII Torneo Leonardo di Bona Internazionale"]
[Site "Cutro ITA"]
[Date "2001.05.02"]
[Round "11"]
[White "Aleksic, Nenad"]
[Black "Ristic, Nenad"]
[Result "1/2-1/2"]
[WhiteElo "2417"]
[BlackElo "2425"]
[PlyCount "27"]
[EventDate "2001.04.22"]

1. Nf3 Nf6 2. g3 g6 3. Bg2 Bg7 4. O-O O-O 5. d4 d6 6. c3 Nbd7 7. Nbd2 e5 8. e4
Re8 9. Re1 b6 10. d5 a5 11. a4 Nc5 12. c4 Nd3 13. Re3 Nxc1 14. Rxc1 1/2-1/2

[Event "VII Torneo Leonardo di Bona Internazionale"]
[Site "Cutro ITA"]
[Date "2001.05.02"]
[Round "11"]
[White "Drasko, Milan"]
[Black "Skembris, Spyridon"]
[Result "1/2-1/2"]
[WhiteElo "2521"]
[BlackElo "2450"]
[PlyCount "21"]
[EventDate "2001.04.22"]

1. d4 Nf6 2. c4 e6 3. Nc3 d5 4. cxd5 exd5 5. Bg5 Be7 6. e3 O-O 7. Qc2 c6 8. Bd3
Nbd7 9. Nge2 Re8 10. O-O Nf8 11. f3 1/2-1/2

[Event "VII Torneo Leonardo di Bona Internazionale"]
[Site "Cutro ITA"]
[Date "2001.05.02"]
[Round "11"]
[White "Ortega, Lexy"]
[Black "Borgo, Giulio"]
[Result "1/2-1/2"]
[WhiteElo "2487"]
[BlackElo "2408"]
[PlyCount "24"]
[EventDate "2001.04.22"]

1. e4 c6 2. d4 d5 3. exd5 cxd5 4. c4 Nf6 5. Nc3 g6 6. cxd5 Bg7 7. Bc4 Nbd7 8.
Nge2 Nb6 9. O-O O-O 10. Bb3 Nbxd5 11. Nf4 Nxc3 12. bxc3 Bf5 1/2-1/2

[Event "II C.to Europeo femminile"]
[Site "Varsavia POL"]
[Date "2001.04.22"]
[Round "1"]
[White "Capuano, Francesca"]
[Black "Fatalibekova, Elena"]
[Result "0-1"]
[WhiteElo "1786"]
[BlackElo "2284"]
[PlyCount "79"]
[EventDate "2001.04.22"]

1. d4 d6 2. Nf3 Bg4 3. e4 Nf6 4. Bd3 g6 5. O-O Bg7 6. c3 O-O 7. Be3 Nc6 8. Nbd2
e5 9. h3 Bc8 10. dxe5 dxe5 11. Qc2 Qe7 12. Rad1 Nh5 13. Rfe1 Nf4 14. Bf1 a5 15.
a4 b6 16. Nc4 Bb7 17. g3 Ne6 18. Bg2 Nc5 19. Bg5 f6 20. Bc1 Qf7 21. b3 Rad8 22.
Nh2 Nxa4 23. Rxd8 Rxd8 24. Nxa5 Nxa5 25. bxa4 Qb3 26. Qxb3+ Nxb3 27. Be3 Rd3
28. c4 Bc6 29. Bf3 Bxa4 30. Be2 Rc3 31. Rb1 Nd4 32. Bf1 Bc6 33. Bd2 Rc2 34. Rd1
Bxe4 35. Be3 f5 36. Ra1 f4 37. Bxd4 exd4 38. Re1 fxg3 39. fxg3 Bc6 40. Re7 0-1

[Event "II C.to Europeo femminile"]
[Site "Varsavia POL"]
[Date "2001.04.22"]
[Round "1"]
[White "Sedina, Elena"]
[Black "Dolzhikova, Olga"]
[Result "1-0"]
[WhiteElo "2393"]
[BlackElo "2229"]
[PlyCount "77"]
[EventDate "2001.04.22"]

1. e4 e5 2. Nf3 Nf6 3. Nxe5 d6 4. Nf3 Nxe4 5. d4 d5 6. Bd3 Be7 7. O-O Nc6 8. c4
Nb4 9. Be2 Be6 10. Nc3 O-O 11. Ne5 f6 12. Nf3 Re8 13. Be3 Kh8 14. a3 Nxc3 15.
bxc3 Nc6 16. cxd5 Bxd5 17. c4 Be4 18. d5 Bxf3 19. Bxf3 Ne5 20. Be4 g6 21. c5 f5
22. Bc2 Bf6 23. Ba4 Rf8 24. Rb1 b6 25. d6 Ng4 26. Bf4 cxd6 27. Bxd6 Be5 28.
Bxe5+ Nxe5 29. Re1 Ng4 30. Qxd8 Rfxd8 31. c6 Nf6 32. c7 Rf8 33. Rbc1 Rac8 34.
Bb3 Ne8 35. Re7 Nd6 36. Rd1 Ne4 37. Be6 Ra8 38. Bd5 Rac8 39. Bb7 1-0

[Event "II C.to Europeo femminile"]
[Site "Varsavia POL"]
[Date "2001.04.23"]
[Round "2"]
[White "Agrest, Svetlana"]
[Black "Capuano, Francesca"]
[Result "1/2-1/2"]
[WhiteElo "2215"]
[BlackElo "1786"]
[PlyCount "81"]
[EventDate "2001.04.22"]

1. e4 e5 2. Nf3 Nf6 3. Nxe5 d6 4. Nf3 Nxe4 5. d4 d5 6. Bd3 Be7 7. O-O Nc6 8. c4
Nb4 9. Be2 O-O 10. Nc3 Be6 11. Ne5 f6 12. Nf3 Nxc3 13. bxc3 Nc6 14. cxd5 Bxd5
15. Be3 Na5 16. Qa4 b6 17. c4 Bc6 18. Qc2 Qe8 19. a4 Qf7 20. d5 Bd7 21. Bd3 g6
22. Nd4 a6 23. Be4 Bd6 24. Ne6 Rfc8 25. Rfd1 Rab8 26. Bd4 Nb7 27. Qb2 Nc5 28.
Bxc5 bxc5 29. Qc2 Kh8 30. Ra3 Rb4 31. a5 Bxe6 32. dxe6 Qxe6 33. Bxg6 Rxc4 34.
Qf5 Qxf5 35. Bxf5 Re8 36. Rh3 Re7 37. Rh6 Ra4 38. Rb1 Rb4 39. Rd1 Ra4 40. Rb1
Rb4 41. Rd1 1/2-1/2

[Event "II C.to Europeo femminile"]
[Site "Varsavia POL"]
[Date "2001.04.24"]
[Round "3"]
[White "Capuano, Francesca"]
[Black "Matras, Agnieszka"]
[Result "0-1"]
[WhiteElo "1786"]
[BlackElo "2220"]
[PlyCount "42"]
[EventDate "2001.04.22"]

1. d4 d5 2. Nf3 Nf6 3. Bg5 e6 4. e3 Nbd7 5. Bd3 Be7 6. Nbd2 O-O 7. Ne5 c5 8. c3
Nxe5 9. dxe5 Nd7 10. Bf4 c4 11. Bc2 b5 12. Qh5 f5 13. g4 Nc5 14. Rg1 Qe8 15.
Qh3 Nd3+ 16. Bxd3 cxd3 17. gxf5 Rxf5 18. O-O-O b4 19. Qg4 Bf8 20. e4 Qa4 21.
exf5 Qc2# 0-1

[Event "II C.to Europeo femminile"]
[Site "Varsavia POL"]
[Date "2001.04.24"]
[Round "3"]
[White "Sedina, Elena"]
[Black "Korbut, Ekaterina"]
[Result "1-0"]
[WhiteElo "2393"]
[BlackElo "2330"]
[PlyCount "131"]
[EventDate "2001.04.22"]

1. e4 c5 2. Nf3 d6 3. c3 Nf6 4. Be2 Nbd7 5. Qc2 Qc7 6. d4 cxd4 7. Nxd4 a6 8. c4
e6 9. Nc3 Be7 10. O-O O-O 11. Be3 b6 12. Qd2 Bb7 13. f3 Rac8 14. Rac1 Qb8 15.
Rfd1 Bd8 16. Kh1 Bc7 17. b4 Rfe8 18. b5 a5 19. Nc6 Qa8 20. Bf4 Nc5 21. Bxd6
Bxd6 22. Qxd6 Bxc6 23. bxc6 Rxc6 24. Qg3 e5 25. Nd5 Qb8 26. Rb1 Na4 27. Qe1
Ree6 28. c5 Rxc5 29. Ba6 Qe8 30. Bb5 Rxb5 31. Nc7 Rxb1 32. Nxe8 Rxd1 33. Qxd1
Nc3 34. Nxf6+ gxf6 35. Qd2 Nb5 36. h4 Rd6 37. Qc1 Nd4 38. f4 Re6 39. Qd1 b5 40.
Qg4+ Kf8 41. fxe5 fxe5 42. Qh5 Rc6 43. Qxh7 b4 44. h5 a4 45. Qh6+ Kg8 46. Qg5+
Kh7 47. Qe7 Rc1+ 48. Kh2 Rf1 49. Qxe5 Ne6 50. Qb5 Rf4 51. Qxb4 Ng5 52. Qxa4
Rxe4 53. Qc2 Kh6 54. a4 Kxh5 55. a5 Re6 56. a6 Nf3+ 57. gxf3 Rxa6 58. Qf5+ Kh6
59. Qxf7 Rg6 60. Kh3 Rg7 61. Qf6+ Rg6 62. Qxg6+ Kxg6 63. Kg4 Kf6 64. Kf4 Ke7
65. Ke5 Kf7 66. Kf5 1-0

[Event "II C.to Europeo femminile"]
[Site "Varsavia POL"]
[Date "2001.04.25"]
[Round "4"]
[White "Dimitrijevic, Aleksandra"]
[Black "Sedina, Elena"]
[Result "0-1"]
[WhiteElo "2152"]
[BlackElo "2393"]
[PlyCount "83"]
[EventDate "2001.04.22"]

1. e4 e6 2. d4 d5 3. Nc3 Nf6 4. e5 Nfd7 5. f4 c5 6. Nf3 Nc6 7. Ne2 f6 8. c3 Qb6
9. a3 a5 10. g3 Be7 11. Bh3 cxd4 12. cxd4 a4 13. Bxe6 Ndxe5 14. Bxd5 Nxf3+ 15.
Bxf3 O-O 16. Qc2 Nxd4 17. Qc4+ Ne6 18. f5 Qa5+ 19. Bd2 Qxf5 20. Bg4 b5 21. Qc6
Qxg4 22. Qxa8 Nc5 23. h3 Nd3+ 24. Kf1 Qf5+ 25. Bf4 Qxh3+ 26. Rxh3 Bxh3+ 27. Qg2
Bxg2+ 28. Kxg2 Nxb2 29. Nd4 Nd3 30. Bc7 Bc5 31. Nxb5 Re8 32. Ra2 Nc1 33. Ra1
Re2+ 34. Kf3 f5 35. g4 Rf2+ 36. Kg3 Ne2+ 37. Kh3 Rf3+ 38. Kg2 fxg4 39. Rd1 Rf2+
40. Kh1 g3 41. Rd8+ Kf7 42. Rd7+ 0-1

[Event "II C.to Europeo femminile"]
[Site "Varsavia POL"]
[Date "2001.04.25"]
[Round "4"]
[White "Toma, Katarzyna"]
[Black "Capuano, Francesca"]
[Result "1-0"]
[WhiteElo "2101"]
[BlackElo "1786"]
[PlyCount "43"]
[EventDate "2001.04.22"]

1. e4 e5 2. d4 exd4 3. Nf3 Bb4+ 4. c3 dxc3 5. Nxc3 Nc6 6. Bc4 d5 7. exd5 Qe7+
8. Be2 Bxc3+ 9. bxc3 Ne5 10. O-O Nxf3+ 11. Bxf3 Qd6 12. Qd4 Nf6 13. Re1+ Kf8
14. Bf4 Qd8 15. Qc5+ Kg8 16. Bxc7 Qf8 17. Bd6 Qd8 18. Be7 Qd7 19. Qd4 Qf5 20.
Re5 Qg6 21. h4 h5 22. Rg5 1-0

[Event "II C.to Europeo femminile"]
[Site "Varsavia POL"]
[Date "2001.04.26"]
[Round "5"]
[White "Capuano, Francesca"]
[Black "Winter, Astrid"]
[Result "1-0"]
[WhiteElo "1786"]
[BlackElo "2135"]
[PlyCount "73"]
[EventDate "2001.04.22"]

1. d4 Nf6 2. Nf3 g6 3. c4 Bg7 4. Nc3 d6 5. e4 O-O 6. Be2 Nc6 7. O-O e5 8. d5
Ne7 9. Ne1 Nd7 10. Nd3 f5 11. Bd2 f4 12. g4 g5 13. f3 a6 14. a4 a5 15. Be1 Ng6
16. Bf2 b6 17. b4 Nf6 18. Nb5 h5 19. h3 hxg4 20. hxg4 Bd7 21. c5 dxc5 22. bxc5
Nh4 23. Bxh4 gxh4 24. Qe1 Ne8 25. Qf2 c6 26. dxc6 Bxc6 27. cxb6 Rb8 28. Nc5
Qxb6 29. Bc4+ Kh7 30. Qxh4+ Bh6 31. Qe7+ Bg7 32. Kg2 Bxb5 33. axb5 Rd8 34. Nd7
Rxd7 35. Qxd7 Nd6 36. Rh1+ Kg6 37. Qe6+ 1-0

[Event "II C.to Europeo femminile"]
[Site "Varsavia POL"]
[Date "2001.04.26"]
[Round "5"]
[White "Sedina, Elena"]
[Black "Skripchenko-Lautier, Almira"]
[Result "1/2-1/2"]
[WhiteElo "2393"]
[BlackElo "2441"]
[PlyCount "24"]
[EventDate "2001.04.22"]

1. d4 d5 2. c4 c6 3. Nc3 Nf6 4. cxd5 cxd5 5. Bf4 a6 6. e3 Nc6 7. Nf3 Bf5 8. Bd3
Bxd3 9. Qxd3 e6 10. O-O Bd6 11. Bg3 O-O 12. Rfc1 Bxg3 1/2-1/2

[Event "II C.to Europeo femminile"]
[Site "Varsavia POL"]
[Date "2001.04.27"]
[Round "6"]
[White "Gaponenko, Inna"]
[Black "Sedina, Elena"]
[Result "1/2-1/2"]
[WhiteElo "2373"]
[BlackElo "2393"]
[PlyCount "32"]
[EventDate "2001.04.22"]

1. e4 e6 2. d4 d5 3. exd5 exd5 4. Bd3 Nc6 5. c3 Bd6 6. Nf3 Nge7 7. O-O O-O 8.
Bg5 f6 9. Bh4 Bf5 10. Re1 Bxd3 11. Qxd3 Qd7 12. Bg3 Nf5 13. Nbd2 Bxg3 14. hxg3
Nd6 15. Re2 Rae8 16. Rae1 Rxe2 1/2-1/2

[Event "II C.to Europeo femminile"]
[Site "Varsavia POL"]
[Date "2001.04.27"]
[Round "6"]
[White "Kucypera, Anna"]
[Black "Capuano, Francesca"]
[Result "1-0"]
[WhiteElo "2145"]
[BlackElo "1786"]
[PlyCount "63"]
[EventDate "2001.04.22"]

1. e4 e5 2. d4 exd4 3. Qxd4 Nc6 4. Qe3 Nf6 5. Nc3 Be7 6. Bd2 d5 7. exd5 Nxd5 8.
Qg3 O-O 9. O-O-O Bd6 10. f4 Nf6 11. Bc4 a6 12. Nge2 b5 13. Bd3 Re8 14. a3 Bd7
15. Rhe1 b4 16. axb4 Nxb4 17. Bc4 Bb5 18. Bb3 Qb8 19. Nd4 c5 20. Nf5 g6 21.
Rxe8+ Bxe8 22. Nxd6 Qxd6 23. Be3 Qc7 24. Qg5 Nh5 25. Qxc5 Qb7 26. Nd5 a5 27.
Bd4 Nc6 28. Bc3 a4 29. Ba2 Rb8 30. g4 Ng7 31. Nf6+ Kh8 32. Qf8# 1-0

[Event "II C.to Europeo femminile"]
[Site "Varsavia POL"]
[Date "2001.04.29"]
[Round "7"]
[White "Capuano, Francesca"]
[Black "Guzik, Jolanta"]
[Result "1/2-1/2"]
[WhiteElo "1786"]
[BlackElo "2111"]
[PlyCount "149"]
[EventDate "2001.04.22"]

1. d4 d5 2. Nf3 e6 3. Bf4 Nf6 4. e3 Be7 5. Nbd2 O-O 6. Bd3 b6 7. Ne5 Bb7 8. Qe2
c5 9. c3 c4 10. Bc2 b5 11. e4 dxe4 12. Nxe4 Nxe4 13. Bxe4 Bxe4 14. Qxe4 Qd5 15.
Qxd5 exd5 16. O-O f6 17. Nf3 Nc6 18. Rfe1 Kf7 19. Re2 Rfe8 20. Rae1 Bf8 21. Kf1
b4 22. Rxe8 Rxe8 23. Rxe8 Kxe8 24. Ke2 Kd7 25. Ne1 a5 26. Nc2 Na7 27. cxb4 axb4
28. Bd2 Nc6 29. Kf3 Ke6 30. Be3 Bd6 31. h3 Bc7 32. b3 Bd6 33. Bf4 Bf8 34. Bd2
Kd7 35. Bf4 Be7 36. Ke2 Ke6 37. Bd2 Bd6 38. Kf3 g6 39. Bf4 Bf8 40. Bd2 f5 41.
g3 Be7 42. h4 c3 43. Bf4 Na5 44. Ke2 Kd7 45. Kd3 Kc6 46. Ne3 Nb7 47. Nc2 Nd8
48. Bc1 Ne6 49. a3 Kb5 50. Ne3 Nc7 51. a4+ Kc6 52. Nc2 Ne6 53. Be3 Nf8 54. Bf4
Nd7 55. Bc1 Bf8 56. Ne1 Nf6 57. Nc2 Ne4 58. Be3 Be7 59. h5 gxh5 60. Ne1 h4 61.
gxh4 Bxh4 62. Nc2 Be7 63. f3 Ng3 64. Bh6 Bd6 65. Ne3 f4 66. Ng2 Nf5 67. Bxf4
Bxf4 68. Nxf4 c2 69. Kxc2 Nxd4+ 70. Kb2 Nxf3 71. Nd3 h5 72. Nxb4+ Kc5 73. Nd3+
Kc6 74. Nb4+ Kc5 75. Nd3+ 1/2-1/2

[Event "II C.to Europeo femminile"]
[Site "Varsavia POL"]
[Date "2001.04.30"]
[Round "8"]
[White "Bojkovic, Natasa"]
[Black "Sedina, Elena"]
[Result "1-0"]
[WhiteElo "2447"]
[BlackElo "2393"]
[PlyCount "76"]
[EventDate "2001.04.22"]

1. e4 e6 2. d4 d5 3. Nd2 c5 4. exd5 exd5 5. Ngf3 Nc6 6. Bb5 Bd6 7. dxc5 Bxc5 8.
O-O Nge7 9. Nb3 Bd6 10. Re1 O-O 11. Bg5 Bg4 12. Bh4 Qc7 13. Bg3 Bxg3 14. hxg3
Rad8 15. c3 Ng6 16. Be2 Rfe8 17. Nfd4 Bxe2 18. Rxe2 Nge5 19. Qc2 Nxd4 20. Nxd4
Nc6 21. Rae1 Qd7 22. Qd3 g6 23. Nf3 Rxe2 24. Rxe2 Qc7 25. Qe3 Qd6 26. Rd2 Qf6
27. Rd1 Kg7 28. Qc5 b6 29. Qe3 h6 30. Rd3 Qe6 31. Qd2 Qe4 32. Kh2 a5 33. Re3
Qg4 34. Rd3 Qd7 35. Qd1 b5 36. Kg1 b4 37. Nd4 Rc8 38. Re3 bxc3 1-0

[Event "II C.to Europeo femminile"]
[Site "Varsavia POL"]
[Date "2001.04.30"]
[Round "8"]
[White "Milligan, Helen"]
[Black "Capuano, Francesca"]
[Result "1/2-1/2"]
[WhiteElo "2124"]
[BlackElo "1786"]
[PlyCount "93"]
[EventDate "2001.04.22"]

1. e4 e5 2. Nf3 Nf6 3. Nxe5 d6 4. Nf3 Nxe4 5. d4 d5 6. Bd3 Nc6 7. O-O Be7 8. c4
Nb4 9. Be2 O-O 10. Nc3 Be6 11. Ne5 f6 12. Nf3 Kh8 13. Be3 f5 14. a3 Nxc3 15.
bxc3 Nc6 16. cxd5 Bxd5 17. Bf4 Bd6 18. Qd2 Bxf3 19. Bxf3 Bxf4 20. Qxf4 Qd6 21.
Qxd6 cxd6 22. Rab1 Rab8 23. Rb5 Nd8 24. Re1 g6 25. Kf1 Rc8 26. Rb3 Rc7 27. Reb1
b6 28. Ke2 Nf7 29. Kd3 Rfc8 30. Re1 Kg7 31. Bd5 Rd8 32. Rb2 Kf8 33. a4 Rdc8 34.
c4 Re8 35. Rbe2 Rxe2 36. Rxe2 Nd8 37. Kc3 h6 38. f4 Re7 39. Rxe7 Kxe7 40. Kb4
Kd7 41. a5 Nc6+ 42. Bxc6+ Kxc6 43. axb6 axb6 44. d5+ Kc7 45. h4 Kb8 46. Ka4 Ka8
47. Kb4 1/2-1/2

[Event "II C.to Europeo femminile"]
[Site "Varsavia POL"]
[Date "2001.05.01"]
[Round "9"]
[White "Ismayilova, Parvana Khalid Qizi"]
[Black "Capuano, Francesca"]
[Result "1-0"]
[WhiteElo "2140"]
[BlackElo "1786"]
[PlyCount "119"]
[EventDate "2001.04.22"]

1. f4 d5 2. Nf3 Nf6 3. g3 g6 4. Bg2 Bg7 5. d3 c5 6. O-O O-O 7. c3 Nc6 8. Qc2
Qc7 9. e4 dxe4 10. dxe4 e5 11. Na3 a6 12. Nc4 Nd7 13. fxe5 Ndxe5 14. Bf4 b5 15.
Ne3 Qa7 16. Nd5 Bg4 17. Nxe5 Nxe5 18. h3 Be6 19. Rad1 Bxd5 20. exd5 c4+ 21. Kh2
Nd3 22. Bg5 f6 23. Bf4 Rad8 24. b3 Nxf4 25. Rxf4 f5 26. bxc4 Be5 27. Rf3 bxc4
28. Qe2 Qc7 29. Bf1 a5 30. Re1 Bf6 31. Rf4 Qd7 32. Qf3 Kg7 33. Bxc4 Rb8 34. Bb3
Rfc8 35. Rc4 Rxc4 36. Bxc4 Rc8 37. Qe2 Qc7 38. Ba6 Rd8 39. c4 Qd6 40. Bb5 Rb8
41. Qe3 h5 42. Qf4 Qxf4 43. gxf4 Rd8 44. Re6 h4 45. Kg2 Kf7 46. Rb6 Bd4 47. Ra6
Bc3 48. c5 Rb8 49. a4 g5 50. fxg5 Rg8 51. g6+ Rxg6+ 52. Rxg6 Kxg6 53. d6 Be5
54. Kf3 Kf6 55. Bc4 Kg6 56. Ke3 Kf6 57. Bd5 Kg5 58. Kd3 Kf4 59. Be6 Bf6 60. c6
1-0

[Event "II C.to Europeo femminile"]
[Site "Varsavia POL"]
[Date "2001.05.01"]
[Round "9"]
[White "Sedina, Elena"]
[Black "Ciuksyte, Dagne"]
[Result "1/2-1/2"]
[WhiteElo "2393"]
[BlackElo "2217"]
[PlyCount "42"]
[EventDate "2001.04.22"]

1. e4 c5 2. Nf3 e6 3. c3 Nf6 4. e5 Nd5 5. d4 cxd4 6. cxd4 d6 7. Bc4 Nc6 8. O-O
Be7 9. Qe2 O-O 10. Qe4 Bd7 11. exd6 Bxd6 12. Bxd5 exd5 13. Qxd5 Bg4 14. Nc3
Bxf3 15. Qxf3 Nxd4 16. Qxb7 Rb8 17. Qxa7 Nf3+ 18. gxf3 Qh4 19. f4 Qg4+ 20. Kh1
Qf3+ 21. Kg1 Qg4+ 1/2-1/2

[Event "II C.to Europeo femminile"]
[Site "Varsavia POL"]
[Date "2001.05.02"]
[Round "10"]
[White "Lagvilava, Genrieta"]
[Black "Sedina, Elena"]
[Result "1/2-1/2"]
[WhiteElo "2300"]
[BlackElo "2393"]
[PlyCount "181"]
[EventDate "2001.04.22"]

1. e4 e6 2. d4 d5 3. e5 c5 4. c3 Qb6 5. Nf3 Nc6 6. Be2 cxd4 7. cxd4 Nh6 8. b3
Nf5 9. Bb2 Bb4+ 10. Kf1 O-O 11. g4 Nh6 12. Bd3 Nxg4 13. Rg1 f5 14. Qc1 Kh8 15.
Qf4 Bd7 16. Qg3 g6 17. h3 Nh6 18. Qh4 Ng8 19. Nc3 Be7 20. Qf4 Nb4 21. Be2 Rac8
22. Rc1 Nxa2 23. Nxa2 Qxb3 24. Rxc8 Rxc8 25. Nc1 Qxb2 26. Nd3 Qb1+ 27. Kg2 Qc2
28. Qe3 f4 29. Nxf4 Qe4 30. Bd3 Qxe3 31. fxe3 g5 32. Ne2 Be8 33. Kf2 Bg6 34.
Bxg6 hxg6 35. Nxg5 Bxg5 36. Rxg5 Ne7 37. Nf4 Rc6 38. Kf3 b5 39. Nd3 a5 40. Nc5
a4 41. Ke2 a3 42. Kd3 b4 43. Kc2 Nf5 44. Rxg6 Nxe3+ 45. Kb3 Nf5 46. Kxb4 Nxd4
47. Rg2 Nf3 48. Re2 Kg7 49. Rg2+ Kh6 50. Ra2 Nxe5 51. Rxa3 Rb6+ 52. Kc3 Kh5 53.
Nxe6 Rxe6 54. Kd4 Ng6 55. Kxd5 Nf4+ 56. Kd4 Kh4 57. Re3 Ra6 58. Re4 Kg3 59.
Re3+ Kf2 60. Rb3 Rh6 61. Ke4 Nxh3 62. Kf5 Kg2 63. Ra3 Ng1 64. Kf4 Rf6+ 65. Ke4
Nf3 66. Ra8 Kf2 67. Ra2+ Kg3 68. Ra8 Rf4+ 69. Ke3 Ng5 70. Rg8 Kg4 71. Ra8 Rb4
72. Kd3 Ne6 73. Rc8 Kf5 74. Rh8 Nf4+ 75. Kc3 Nd5+ 76. Kd3 Ke5 77. Re8+ Kd6 78.
Rd8+ Kc6 79. Rc8+ Nc7 80. Ke3 Kd6 81. Rd8+ Ke5 82. Kd3 Ne6 83. Rh8 Nf4+ 84. Kc3
Nd5+ 85. Kd3 Rb3+ 86. Kc4 Rc3+ 87. Kb5 Nf6 88. Rd8 Nd5 89. Re8+ Kd4 90. Rh8
Rb3+ 91. Ka5 1/2-1/2

[Event "II C.to Europeo femminile"]
[Site "Varsavia POL"]
[Date "2001.05.03"]
[Round "11"]
[White "Capuano, Francesca"]
[Black "Reszka, Malgorzata"]
[Result "1/2-1/2"]
[WhiteElo "1786"]
[BlackElo "2119"]
[PlyCount "45"]
[EventDate "2001.04.22"]

1. d4 Nf6 2. Nf3 g6 3. c4 c5 4. e3 Bg7 5. Nc3 b6 6. Be2 Bb7 7. d5 O-O 8. O-O d6
9. e4 a6 10. a4 e5 11. Ne1 Re8 12. Bg5 h6 13. Be3 Qd7 14. Ra3 a5 15. g4 Bc8 16.
f3 Na6 17. Nb5 Nb4 18. Nd3 h5 19. h3 Ba6 20. Kg2 Kf8 21. Kf2 Bxb5 22. axb5
Nxd3+ 23. Bxd3 1/2-1/2

[Event "II C.to Europeo femminile"]
[Site "Varsavia POL"]
[Date "2001.05.03"]
[Round "11"]
[White "Sedina, Elena"]
[Black "Radziewicz, Iweta"]
[Result "1/2-1/2"]
[WhiteElo "2393"]
[BlackElo "2345"]
[PlyCount "28"]
[EventDate "2001.04.22"]

1. e4 e6 2. d4 d5 3. e5 c5 4. c3 Nc6 5. Nf3 Qb6 6. a3 Nh6 7. b4 cxd4 8. cxd4
Nf5 9. Be3 g6 10. Bd3 Nxe3 11. fxe3 Bh6 12. Qe2 Bd7 13. O-O Ne7 14. g4 Rc8
1/2-1/2

[Event "V Festival Magistrale"]
[Site "Teramo ITA"]
[Date "2001.04.??"]
[Round "?"]
[White "Drei, Andrea"]
[Black "Piscopo, Pierluigi"]
[Result "0-1"]
[WhiteElo "2312"]
[BlackElo "2212"]
[PlyCount "44"]
[EventDate "2001.04.28"]

1. e4 c5 2. Nc3 Nc6 3. f4 g6 4. Nf3 Bg7 5. Bb5 Nd4 6. Nxd4 cxd4 7. Ne2 Qb6 8.
Bd3 d5 9. e5 Nh6 10. a4 O-O 11. a5 Qc7 12. Nxd4 f6 13. Nb5 Qb8 14. Nc3 fxe5 15.
Nxd5 Qd6 16. Nc3 Rxf4 17. Ne4 Qd4 18. Qe2 Bg4 19. Qe3 Qd5 20. Ra4 Rc8 21. Rf1
Nf5 22. Qg1 Qxd3 0-1

[Event "V Festival Magistrale"]
[Site "Teramo ITA"]
[Date "2001.04.??"]
[Round "?"]
[White "Indelicati, Giuseppe"]
[Black "Rogulj, Branko"]
[Result "0-1"]
[WhiteElo "2219"]
[BlackElo "2436"]
[PlyCount "86"]
[EventDate "2001.04.28"]

1. e4 Nf6 2. e5 Nd5 3. d4 d6 4. Nf3 g6 5. Bc4 Nb6 6. Bb3 Bg7 7. a4 a5 8. Ng5 d5
9. O-O h6 10. Nf3 Bg4 11. h3 Bxf3 12. Qxf3 e6 13. Nc3 O-O 14. Ne2 c5 15. c3
cxd4 16. cxd4 Nc6 17. Bd2 Qh4 18. Bc3 Rfc8 19. Nf4 h5 20. g3 Qe7 21. Bc2 Nd7
22. Bb1 Nb4 23. Kh1 Rc4 24. Rg1 Bh6 25. Ne2 Rac8 26. g4 h4 27. Qg2 g5 28. f4 f6
29. f5 fxe5 30. dxe5 Nc5 31. Ra3 Nc6 32. Rd1 Ne4 33. Ba2 Qc5 34. Bxc4 Nf2+ 35.
Kh2 Nxd1 36. Bd3 d4 37. Nxd4 Nxd4 38. Qe4 Nc6 39. fxe6 Qf2+ 40. Kh1 Rc7 41.
Qg6+ Bg7 42. Qh7+ Kf8 43. e7+ Nxe7 0-1

[Event "V Festival Magistrale"]
[Site "Teramo ITA"]
[Date "2001.04.??"]
[Round "?"]
[White "Piscopo, Pierluigi"]
[Black "Sciortino, Massimo"]
[Result "1-0"]
[WhiteElo "2212"]
[BlackElo "2155"]
[PlyCount "79"]
[EventDate "2001.04.28"]

1. e4 e5 2. Nf3 Nc6 3. d4 exd4 4. Nxd4 Bc5 5. Be3 Qf6 6. c3 Nge7 7. g3 d5 8.
Bg2 Bxd4 9. cxd4 dxe4 10. Nc3 Bf5 11. O-O O-O 12. Nxe4 Qg6 13. Nc3 Rad8 14. Qa4
Bc2 15. Qa3 Rfe8 16. Rfe1 Nf5 17. Rac1 Nfxd4 18. Bxd4 Nxd4 19. Qxa7 Ne6 20.
Qxb7 h5 21. Qc6 Bf5 22. Nd5 Qh6 23. Nf4 Re7 24. Nxe6 Bxe6 25. Rcd1 Red7 26.
Rxd7 Rxd7 27. a4 Qd2 28. Qc1 Qb4 29. Bc6 Rd2 30. Qc3 Qxb2 31. Qxb2 Rxb2 32. Ra1
Bc8 33. Bb5 c5 34. Bf1 Bb7 35. a5 Rc2 36. a6 Ba8 37. Rb1 c4 38. Rb8+ Kh7 39.
Rxa8 c3 40. Bd3+ 1-0

[Event "V Festival Magistrale"]
[Site "Teramo ITA"]
[Date "2001.04.??"]
[Round "?"]
[White "Tomescu, Vlad"]
[Black "Campanile, Roberto"]
[Result "1/2-1/2"]
[WhiteElo "2427"]
[BlackElo "2146"]
[PlyCount "106"]
[EventDate "2001.04.28"]

1. e4 c5 2. Nf3 d6 3. d4 cxd4 4. Nxd4 Nf6 5. Nc3 a6 6. Bc4 e6 7. Bb3 Nc6 8. Be3
Qc7 9. f4 Na5 10. O-O b5 11. f5 e5 12. Nde2 Bb7 13. Nd5 Bxd5 14. Bxd5 Nc4 15.
Bc1 Nxd5 16. Qxd5 Nb6 17. Qd3 Rc8 18. c3 Be7 19. Ng3 d5 20. exd5 Qc5+ 21. Be3
Qxd5 22. Qe2 Nc4 23. Kh1 h5 24. b3 Nxe3 25. Qxe3 h4 26. Ne4 h3 27. g3 Rh6 28.
Qf3 Kf8 29. Rad1 Qc6 30. Rd3 Bc5 31. Rfd1 b4 32. Rd5 Bb6 33. Rd6 Rxd6 34. Rxd6
Qb7 35. c4 Rd8 36. Qd3 Qxe4+ 37. Qxe4 Rxd6 38. Qe2 Bf2 39. Qxf2 Rd1+ 40. Qg1
Rxg1+ 41. Kxg1 Ke7 42. Kf2 Kd6 43. Ke3 Kc5 44. Ke4 f6 45. g4 a5 46. Kd3 Kd6 47.
Ke3 Kc5 48. Ke4 a4 49. Ke3 a3 50. Ke4 Kd6 51. Kf3 Kc5 52. Kg3 Kd4 53. Kf2 Kc5
1/2-1/2

[Event "V Festival Magistrale"]
[Site "Teramo ITA"]
[Date "2001.04.??"]
[Round "?"]
[White "Tosoni, Augusto"]
[Black "Indelicati, Giuseppe"]
[Result "0-1"]
[WhiteElo "2111"]
[BlackElo "2219"]
[PlyCount "54"]
[EventDate "2001.04.28"]

1. e4 e5 2. f4 exf4 3. Nf3 d6 4. d4 g5 5. Bc4 h6 6. O-O Bg7 7. c3 Nc6 8. g3 Bh3
9. Rf2 Nf6 10. gxf4 Nxe4 11. Re2 d5 12. Qe1 f5 13. Bd3 Qd7 14. fxg5 O-O-O 15.
Bf4 hxg5 16. Nxg5 Nxg5 17. Bxg5 Rdg8 18. Kh1 Bg4 19. Rf2 Bxd4 20. cxd4 Rxg5 21.
Nc3 Rgh5 22. Bb5 Qd6 23. Qd2 Bf3+ 24. Kg1 Qg3+ 25. Kf1 Rxh2 26. Ke1 Rh1+ 27.
Bf1 Rxf1+ 0-1